The planning of agriculture,

Gardado en:
Detalles Bibliográficos
Autor Principal: Astor, Waldorf Astor, Viscount, b. 1879
Outros autores: Murray, Keith Anderson Hope
Formato: Libro
Idioma:English
Publicado: London, Oxford University Press, H. Milford, 1933.
Subjects:
LEADER 01147nam a2200289 4500
001 c000010594
003 CARM
005 00000000000000.0
008 s1933 enka b 00110 eng
010 |a 34005276 
019 1 |a 5190194  |z 58009245  |5 LACONCORD2021 
035 |a (OCoLC)2159881  |5 LACONCORD2021 
043 |a e-uk--- 
050 0 0 |a HD1927  |b 1933 
100 1 |a Astor, Waldorf Astor,  |c Viscount,  |d b. 1879. 
245 0 4 |a The planning of agriculture,  |c by Viscount Astor and Keith A. H. Murray. With a foreword by Sir Arthur Salter. 
260 |a London,  |b Oxford University Press, H. Milford,  |c 1933. 
300 |a xvi, 186 p.  |b diagrs.  |c 23 cm. 
504 |a Includes bibliographical footnotes and index. 
650 0 |a Agriculture  |z Great Britain. 
650 0 |a Agriculture  |x Economic aspects. 
700 1 |a Murray, Keith Anderson Hope. 
740 0 1 |a Agriculture, the planning of. 
852 8 |b CARM  |h A2:AF24B0  |i B01594  |p 0072645  |f BK 
082 0 4 |a 338.10942 
999 f f |i de051fcf-6d0f-59ca-bb8e-34e553fdb2ac  |s 79daa1c0-0f4b-5d59-affe-8472226fd212 
952 f f |p Can circulate  |a CAVAL  |b CAVAL  |c CAVAL  |d CARM 1 Store  |e B01594  |f A2:AF24B0  |h Other scheme  |i book  |m 0072645